000 00883nam a2200277 i 4500
001 000024777
003 DO-SdBNP
005 20251125085952.0
007 ta
008 110204s1994 dr a r 001 0 spa d
040 _aDO-SdBNP
_bspa
_cBNPHU
_espa
041 _aspa
082 _axxxx
_bH557f
_222
100 1 _aHernández Díaz, Fernando
_eautor
_931322
245 1 0 _aFalsa democracia o necropsia del poder judicial /
_cFernando Hernández Díaz.
264 _aSanto Domingo :
_bEditorial Maxy,
_c1994.
300 _a251 páginas :
_bilustraciones ;
_c22 cm.
336 _ardacontent
_btexto
_2txt
337 _ardamedia
_bsin mediación
_2n
338 _ardacarrier
_bvolumen
_2nc
500 _aIncluye datos biográficos del autor en la solapa de la cubierta
504 _aBibliografía : página 251
590 _aInventariado, 2019/BT
910 _aDG
942 _2ddc
_cLBS1
999 _c24270
_d24270